One Piece - Les Fourreaux rouges - Statistiques

Statistiques générales
  • Ce quiz a été pris 142 fois
  • Le résultat moyen est 8 sur 11
Statistiques - réponses
Hint Réponse % Correct
1. Kinemon
95%
2. Kanjuro
84%
3. Raizo
84%
5. Nekomamushi
79%
4. Inuarashi
75%
6. Kawamatsu
74%
9. Denjiro
71%
7. Ashuradoji
65%
Bonus Izo
65%
8. Kikunojo
59%
Bonus Shinobu
49%
Aucun quiz correspondant
Distribution des résultats
% des personnes avec chaque résultat
Percentile par nombre de réponses
Votre historique - résultats
Vous n’avez pas pris ce quiz